<?xml version="1.0" encoding="UTF-8"?><?xml-stylesheet type="text/xsl" href="static/style.xsl"?><OAI-PMH xmlns="http://www.openarchives.org/OAI/2.0/" xmlns:xsi="http://www.w3.org/2001/XMLSchema-instance" xsi:schemaLocation="http://www.openarchives.org/OAI/2.0/ http://www.openarchives.org/OAI/2.0/OAI-PMH.xsd"><responseDate>2026-06-07T02:30:42Z</responseDate><request verb="GetRecord" identifier="oai:riubu.ubu.es:10259/4627" metadataPrefix="marc">https://riubu.ubu.es/oai/request</request><GetRecord><record><header><identifier>oai:riubu.ubu.es:10259/4627</identifier><datestamp>2022-04-26T11:42:12Z</datestamp><setSpec>com_10259_2699</setSpec><setSpec>col_10259_2719</setSpec></header><metadata><record xmlns="http://www.loc.gov/MARC21/slim" xmlns:doc="http://www.lyncode.com/xoai" xmlns:xsi="http://www.w3.org/2001/XMLSchema-instance" xmlns:dcterms="http://purl.org/dc/terms/" xsi:schemaLocation="http://www.loc.gov/MARC21/slim http://www.loc.gov/standards/marcxml/schema/MARC21slim.xsd">
<leader>00925njm 22002777a 4500</leader>
<datafield tag="042" ind1=" " ind2=" ">
<subfield code="a">dc</subfield>
</datafield>
<datafield tag="720" ind1=" " ind2=" ">
<subfield code="a">Antón Fernández, Ana Eva</subfield>
<subfield code="e">author</subfield>
</datafield>
<datafield tag="260" ind1=" " ind2=" ">
<subfield code="c">2016</subfield>
</datafield>
<datafield tag="520" ind1=" " ind2=" ">
<subfield code="a">Esta tesis doctoral explora la representación narrativa de las relaciones de género en la transición al siglo XXI en las literaturas española y francesa desde claves interpretativas provenientes de ecofeminismo crítico aplicadas al campo literario. Para llevar a cabo esta investigación, se ha partido de conceptos y planteamientos resultantes de los Estudios de Género, principalmente del ecofeminismo crítico de base ilustrada formulado por la filósofa Alicia H. Puleo, aplicándolo a los Estudios Literarios. En respuesta a la dimensión transdiciplinar que exige la incorporación de la perspectiva de género, se incluyen aportaciones de otras ramas de conocimiento, como la Filosofía, la Sociología, el Arte, la Historia, la Psicología o la Antropología.&#xd;
	La pregunta que guía este trabajo es si la narrativa de transición al siglo XXI deja entrever cambios significativos en la configuración y representación literaria de las relaciones entre mujeres y hombres con la Naturaleza, con la Cultura, y entre ambos géneros sociales.</subfield>
</datafield>
<datafield tag="024" ind2=" " ind1="8">
<subfield code="a">http://hdl.handle.net/10259/4627</subfield>
</datafield>
<datafield tag="024" ind2=" " ind1="8">
<subfield code="a">10.36443/10259/4627</subfield>
</datafield>
<datafield ind1=" " ind2=" " tag="653">
<subfield code="a">Narrativa francesa</subfield>
</datafield>
<datafield ind1=" " ind2=" " tag="653">
<subfield code="a">Narrativa española</subfield>
</datafield>
<datafield ind1=" " ind2=" " tag="653">
<subfield code="a">Ecofeminismo crítico</subfield>
</datafield>
<datafield ind1=" " ind2=" " tag="653">
<subfield code="a">Roles de género</subfield>
</datafield>
<datafield ind1=" " ind2=" " tag="653">
<subfield code="a">Teoría literaria</subfield>
</datafield>
<datafield ind1=" " ind2=" " tag="653">
<subfield code="a">French narrative</subfield>
</datafield>
<datafield ind1=" " ind2=" " tag="653">
<subfield code="a">Spanish narrative</subfield>
</datafield>
<datafield ind1=" " ind2=" " tag="653">
<subfield code="a">critical ecofeminism</subfield>
</datafield>
<datafield ind1=" " ind2=" " tag="653">
<subfield code="a">Gender roles</subfield>
</datafield>
<datafield ind1=" " ind2=" " tag="653">
<subfield code="a">Literary theory</subfield>
</datafield>
<datafield tag="245" ind1="0" ind2="0">
<subfield code="a">¿Cambio de roles de género en el cambio de siglo?: un análisis comparativo de las narrativas francesa y española (1990-2010)</subfield>
</datafield>
</record></metadata></record></GetRecord></OAI-PMH>